NBA MVP Ladder 2026 - Statistics

General Stats
  • This quiz has been taken 241 times
  • The average score is 10 of 10
Answer Stats
Number Team Answer % Correct
8. MIN Anthony Edwards
100%
5. DET Cade Cunningham
100%
7. BOS Jaylen Brown
100%
4. LAL Luka Doncic
100%
3. DEN Nikola Jokic
100%
1. OKC Shai Gilgeous-Alexander
100%
2. SAS Victor Wembanyama
100%
6. CLE Donovan Mitchell
99%
9. LAC Kawhi Leonard
99%
10. ATL Jalen Johnson
93%
No matching quizzes found
Score Distribution
Percent of People with Each Score
Percentile by Number Answered
Your Score History
You have not taken this quiz